• 首页
  • 本馆介绍
  • 公告通知
  • 最新文献
  • 馆藏检索
  • 电子资源
  • 读者荐购
  • 参考咨询
  • CALIS
  • 我的图书馆
  • 登录
  • 详细信息显示
  • 放入我的书架
  • 预约/预借图书
  • 作者相关作品
  • 分类相关作品
  • 丛书相关作品
  • 出版社相关作品

书目信息

  • 表格格式
  • 工作单格式
  • 卡片格式
题名:
Second order parabolic differential equations
    
 
作者: 利伯曼 著
分册:  
出版信息: 北京   世界图书出版有限公司北京分公司  2019.09
页数: xiii, 447页
开本: 24cm
丛书名:
单 册:
中图分类: O175.26
科图分类:
主题词: 二阶--er jie--抛物型方程--微分方程--英文
电子资源:
ISBN: 978-7-5192-6421-5
 
 
 
 
 
000 00919nam0 2200277 450
001 2065464975
005 20201105181113.11
010    @a978-7-5192-6421-5@dCNY99.00
100    @a20191210e2019 em y0chiy50 ba
101 0  @aeng
102    @aCN@b110000
105    @ay a 001yy
200 1  @aSecond order parabolic differential equations@fG.M. Lieberman
205    @a影印本@b修订版
210    @a北京@c世界图书出版有限公司北京分公司@d2019.09
215    @axiii, 447页@d24cm
306    @a由新加坡World Scientific Publishing Co. (世界科技出版公司) 授权重印出版
312    @a中文题名取自封面
314    @a责任者规范汉译姓: 利伯曼
320    @a有书目 (第421-443页) 和索引
510 1  @a二阶抛物微分方程@zchi
606 0  @a二阶@Aer jie@x抛物型方程@x微分方程@x英文
690    @aO175.26@v5
701  1 @a利伯曼@Ali bo man@g(Lieberman, G. M.)@4著
801  0 @aCN@b人天书店@c20200930
905    @aZUCC@dO175.26@eL365
    
    Second order parabolic differential equations/G.M. Lieberman.-影印本,修订版.-北京:世界图书出版有限公司北京分公司,2019.09
    xiii, 447页;24cm
    
    
    ISBN 978-7-5192-6421-5:CNY99.00
    
●
相关链接 在E读中查询图书 在当当中查询图书 在豆瓣中查询图书


正题名:Second order parabolic differential equa     索取号:O175.26/L365         预约/预借

序号 登录号 条形码 馆藏地/架位号 状态 备注
1 1480129   214801295   自科库401/401自科库 45排4列3层/ [索取号:O175.26/L365] 在馆    
2 1480130   214801302   自科库401/401自科库 45排4列3层/ [索取号:O175.26/L365] 在馆    
河南城建学院图书馆 欢迎您!
大连网信软件有限公司© 版权所有